| 000 | 00573 a2200241 4500 | ||
|---|---|---|---|
| 260 | _aParis | ||
| 630 | _a57 - Biologie | ||
| 037 | _b1, Achat | ||
| 650 | _a5 - SCIENCES EXACTES ET NATURELLES | ||
| 100 | _aGajdos, A. | ||
| 700 | _aLestradet, H. | ||
| 260 | _bMasson et Cie | ||
| 245 | _aEnzymopathies : fascicule III, Enzymopathies dans le domaine du métabolisme glucidique | ||
| 300 | _a237 p. | ||
| 650 | _aBiochimie | ||
| 260 | _c1971 | ||
| 300 | _b24cm | ||
| 100 | _lFr | ||
| 440 | _aEnzymopathies | ||
| 037 | _a29857 | ||
| 999 |
_c41779 _d41779 |
||